01751cam a2200301 a 450000100100000000500170001000800410002704000250006811101140009324501730020724600890038026001440046930000210061344000370063450000340067150000340070550000430073950400430078261101140082561101170093965000460105670000490110271000780115171000830122904900090131295201110132199900170143200001586420200929164200.0050112s2004 mx b 100 0 spa d aDO-SdBNPbspadBNPHU2 aIFLA Meeting of Experts on an International Cataloguing Coden(2nd :d2004 :cBuenos Aires, Argentina)93571210a2a Reunión IFLA de Expertos sobre un Código Internacional de Catalogación :bantecedentes y documentos /cAgeo GarcÍa B., editor ; prólogo Barbara B. Tillett.3 aSegunda Reunión IFLA de Expertos sobre un Código Internacional de Catalogación aMéxico :bConsejo Consultivo Latinoamericano para la Cooperación en Catalogación :bUniversidad Autónoma de San Luis Potosi,c2004. a142 p. ;c28 cm. 0aSerie Catalographica ;v1935713 aAt head of title: "IME ICC2." aIncluye glosario (p. 139-142) aIncluye notas al pie de las páginas. aContiene referencias bibliográficas.20aInternational Conference on Cataloguing Principlesd(1961 :cParis, France).tStatement of Principles.93571420aIFLA Meeting of Experts on an International Cataloguing Coden(1st :d2003 :cFrankfurt am Main, Germany)935715 0aCatalogingxStandardsvCongresses.9357161 aGarcia B., Ageoq(García Barbabosa)9357172 aInternational Federation of Library Associations and Institutions.9357182 aConsejo Consultivo Latinoamericano para la Cooperacion en Catalogacion.935719 aBNGR 001052708MOaGRbGRcCTd2010-02-19iLF1l0o p15864-10r2020-06-25w2020-06-25y2ZPréstamo interno c15406d15406